=LDR 00000nam 2200000 4500 =001 INLIS000000000006380 =005 20130612094523 =008 ***********************************Ind** =035 ##$$a0010-061300000006380 =041 ##$$a Ind =082 ##$$a 181.16 =090 ##$$a 181.16, Sun m =100 ##$$a Sunoto =245 ##$$a Mengenal filsafat Pancasila: pendekatan melalui sejarah dan pelaksanaannya/Sunoto =260 ##$$a 1985 $b Yogyakarta =300 ##$$a 151 hlm, 22 cm =650 ##$$a Filsafat Pancasila =850 ##$$a NBPNMAT =990 ##$$a 90250/BPAP-NTB/2014